000 01485nam a2200217Ia 4500
003 Ost
005 20260507075610.0
008 260507s9999||||xx |||||||||||||| ||und||
020 _a9789961014431
040 _cfsecg
041 _aara
082 _a330
100 _aالموسوي، ضياء مجيد
_eمؤلف
245 0 _aأسس علم الاقتصاد :
_bنقود و بنوك و دورات اقتصادية و علاقات اقتصادية دولية /
_c ضياء مجيد الموسوي
250 _aطبعة 2
260 _aالجزائر:
_bديوان المطبوعات الجامعية,
_c2014
300 _a424 صفحة؛
_bإيضاحات ؛
_c24 سم
520 _aتناول الجزء الثاني من كتاب أسس علم الاقتصاد النقود والبنوك المركزية والتجارية، والسياستين النقدية والمالية والتضخم النقدي ومدرسة شيكاغو والدورات الإقتصادية والبطالة والأنظمة النقدية ونظام بريتون وودز، أي النظام النقدي الدولي بعد الحرب العالمية الثانية، والبيروستوريكا والفردية الاقتصادية في الخوصصة وإعادة الهيكلة وثورة الاتصالات وعولمة الاقتصاد والمعوقات أمام نشر النموذج الرأسمالي الديمقراطي.
653 _aعلم الإقتصاد
942 _cكتاب
999 _c45067
_d45067